| 000 | 00989nam a2200313 u 4500 | ||
|---|---|---|---|
| 001 | 000002919 | ||
| 003 | DO-SdBNP | ||
| 005 | 20180207152238.0 | ||
| 007 | 000002919 | ||
| 008 | 090706s1985 dr 000 0 spa d | ||
| 040 |
_aBPMSU _bspa _cBPMSU |
||
| 092 |
_a335.4 _bP644m |
||
| 100 | 1 | _aPimentel, Miguel | |
| 245 | 1 | 0 |
_aMarxismo y positivismo / _cMiguel Pimentel. |
| 260 |
_aSanto Domingo : _bUniversitaria, _c1985. |
||
| 300 |
_a303 p. : _b23 cm. |
||
| 490 | 0 |
_aFilosofía y sociedad _v2 |
|
| 490 | 0 |
_aPublicaciones de la universidad Autónoma de Santo Domingo _v373 |
|
| 504 | _aIncluye referencias bibliográficas. | ||
| 650 | 4 | _aMARXISMO | |
| 650 | 4 | _aSOCIALISMO | |
| 650 | 4 | _aPOSITIVISMO | |
| 830 | 0 |
_a Filosofía y sociedad _v2 |
|
| 830 | 0 |
_aPublicaciones de la universidad Autónoma de Santo Domingo _v363 |
|
| 942 |
_2ddc _cBK |
||
| 945 | _aInventariado, 2018 / BT | ||
| 956 |
_aYLOCKWARD _b10 _c20090901 _lBND01 _h1006 |
||
| 956 |
_aVMATEO _b10 _c20150810 _lBPMSU _h00151 |
||
| 999 |
_c8154 _d8154 |
||